Представление документа в формате MARC21

Поле Инд. ПП Название Значение
Тип записи a
Библиографический уровень b
001 Контрольный номер UNIDUBNA5460ff6984a4454797d886f085103725
005 Дата корректировки 20260515162246.1
008 Кодируемые данные 20170331
040 b Код языка каталог. rus
e Правила каталог. PSBO
041 0_ a Код языка текста rus
084 a Индекс другой классификации/Индекс ББК 63.3(2)633-2-3
100 1_ a Автор Нордвик В.
q Полное имя Нордвик Владимир
100 1_ a Автор Ванденко А.
q Полное имя Ванденко Андрей
245 10 a Заглавие Басин и БАМ
b Продолж. заглавия Легендарный начальник Главбамстроя про магистраль, о которой не говорили с трибун
500 a Примечание Тема номера: 50 лет комсомольскому отряду на БАМ
520 0_ a Аннотация Ефим Басин, Герой Социалистического Труда, в прошлом - руководитель ГлавБАМстроя, личность для строителей магистрали легендарная. Во многом именно благодаря стараниям Ефима Владимировича трудовой подвиг бамовцев не забыт и сегодня, а героям воздается должное - пускай даже с некоторым опозданием...
600 14 a Персоналии Басин Ефим Владимирович
650 14 a Основная рубрика внутренняя политика
a Основная рубрика история
653 0_ a Ключевые слова XX век
a Ключевые слова Байкало-Амурская магистраль (БАМ)
a Ключевые слова Герой Социалистического Труда
a Ключевые слова грузовые перевозки
a Ключевые слова Дальний Восток
a Ключевые слова железнодорожное строительство
a Ключевые слова Забайкалье
a Ключевые слова комсомол (ВЛКСМ)
a Ключевые слова Комсомольск-на-Амуре
a Ключевые слова комсомольцы
a Ключевые слова общественное мнение
a Ключевые слова природные ресурсы
a Ключевые слова пятилетнее планирование
a Ключевые слова Россия
a Ключевые слова советский период
a Ключевые слова социальная политика
a Ключевые слова СССР
a Ключевые слова Транссибирская железнодорожная магистраль
a Ключевые слова финансирование
a Ключевые слова экономическая история (история хозяйства)
a Ключевые слова экономическая политика
773 08 t Заглавие источника Родина
d Дата издания источника 2024
g Прочая информация № 4. - С. 17 - 28 : фот., ил.
w Контрольный № источника UNIDUBNA06748ebef1dc4c8fbd70c6831f8aaaea
901 t Тип документа b